Statystyki dla Ranking UEFA za sezon 2019/20

Kliknij tutaj aby rozwiązać quiz!

Ogólne statystyki

  • Ten quiz został rozwiązany 183 razy
  • Średni wynik to 13 z 15

Statystyki odpowiedzi

miejscepktkraj% Poprawnych
856,00Francja
98%
3109,00Niemcy
98%
2112.50Hiszpania
97%
1114.00Anglia
95%
488,50Włochy
95%
551,50Portugalia
94%
938,00Belgia
92%
747,00Holandia
92%
1428,00Ukraina
80%
1323,00Szwecja
79%
1528,00Szwajcaria
76%
1229,00Austria
75%
639,00Szkocja
62%
1024,00Serbia
60%
1123,50Rumunia
59%

Rozkład punktacji

Percentyl według liczby udzielonych odpowiedzi

Procent ludzi z każdym wynikiem

Twoja historia wyników

Nie rozwiązałeś tego quizu